№ 3; Качество и надежность изделий; Методы управления и распознавания образов в задачах испытаний системы; Статистический анализ надежности многокомпонентных систем; Методы расчета надежности систем с временной избыточностью

Detalhes bibliográficos
Parent link:Качество и надежность изделий/ Политехнический музей ; Всесоюзное общество "Знание" ; СССР, Государственный комитет по стандартам (Госстандарт). № 3.— , 1988-1991
Idioma:russo
Publicado em: 1988
TOC:Р. С. Судаков, С. А. Мороз, Методы управления и распознавания образов в задачах испытаний системы;
Е. В. Чепурин, Статистический анализ надежности многокомпонентных систем;
Ю. М. Макаров, Методы расчета надежности систем с временной избыточностью;
Assuntos:
Formato: MixedMaterials Livro
KOHA link:https://koha.lib.tpu.ru/cgi-bin/koha/opac-detail.pl?biblionumber=248218

MARC

LEADER 00000nam2a2200000 4500
001 248218
005 20231101232352.0
020 |a RU  |b 88-74164 
035 |a (RuTPU)RU\TPU\book\269948 
090 |a 248218 
100 |a 20140120g1988 k y0rusy5003 ca 
101 0 |a rus 
102 |a RU 
105 |a y z 001zy 
200 0 |a № 3 
210 |d 1988 
215 |a 116 с. 
320 |a Библиография в конце работ. 
461 1 |0 (RuTPU)RU\TPU\book\213148  |t Качество и надежность изделий  |f Политехнический музей ; Всесоюзное общество "Знание" ; СССР, Государственный комитет по стандартам (Госстандарт)  |v № 3  |d 1988-1991 
464 |t Методы управления и распознавания образов в задачах испытаний системы  |f Р. С. Судаков, С. А. Мороз 
464 |t Статистический анализ надежности многокомпонентных систем  |f Е. В. Чепурин 
464 |t Методы расчета надежности систем с временной избыточностью  |f Ю. М. Макаров 
606 1 |a Бездефектное изготовление продукции  |2 stltpush  |3 (RuTPU)RU\TPU\subj\28148  |9 51739 
606 1 |a Технические системы сложные  |x Испытание на надежность  |2 stltpush  |3 (RuTPU)RU\TPU\subj\60083  |9 77573 
610 1 |a распознавание образов 
610 1 |a многокомпонентные системы 
610 1 |a точечное оценивание 
610 1 |a доверительное оценивание 
610 1 |a временная избыточность 
610 1 |a сборники 
675 |a 658.562.6  |v 3  |z rus 
675 |a 62-192.001.4  |v 3  |z rus 
801 0 |a RU  |b RuMRKP  |c 19960705  |g psbo 
801 1 |a RU  |b 63413507  |c 20140120 
801 2 |a RU  |b 63413507  |c 20140123  |g RCR 
942 |c BK